00864nam a22002297a 450000100060000000300060000600500170001200800410002902000170007004000290008705000140011608200110013010000220014124500850016326000450024830000480029350500070034152002050034852100280055352100180058165000350059910000FISKH20260325092352.0260325b cb ||||| |||| 00| 0 eng d a725961012991 aFISKHbengcFISKHdFISKH aPZ7.S7695 a813.6  aSpurr, Elizabeth  aMickey's Christmas Carol /cBy Elizabeth Spurr ; Illustrations by DRI Artweorks  aNew York : bDisney Enterprises, c2002. a30 pages : bcolor illustrations ; c17 cm  aJ  aA Disney retelling of A Christmas Carol where Scrooge McDuck learns the true meaning of Christmas after being visited by three ghosts, with Mickey Mouse and friends bringing the classic story to life.8 a500 bLexile estimate 8 aJ bRaz-Plus  aA Christmas Carol vChildren's